[Event "Meisterturnier"]
[Site "Tübingen"]
[Date "2007.08.31"]
[Round "7"]
[White "Bräuning, Rudolf"]
[Black "Latzke, Boris Alexander"]
[Result "1/2-1/2"]
[WhiteElo "2340"]
[BlackElo "2230"]
[PlyCount "71"]
[EventDate "2007.??.??"]

1. e4 e5 2. f4 exf4 3. Nf3 d5 4. exd5 Nf6 5. Bc4 Nxd5 6. O-O Be7 7. d4 Be6 8.
Qe2 Nc6 9. Nc3 O-O 10. Nxd5 Bxd5 11. Bxd5 Qxd5 12. Bxf4 Bd6 13. Qd2 Rae8 14.
Bxd6 Qxd6 15. c3 Qd5 16. Qf4 Re7 17. Rae1 Qd7 18. c4 Rfe8 19. Rxe7 Rxe7 20. d5
Nd8 21. Nd4 g6 22. Qf6 Re4 23. b3 Qe7 24. Nb5 a6 25. Nc3 Qxf6 26. Rxf6 Re3 27.
Na4 Rd3 28. Nc5 Rd2 29. Nxb7 Nxb7 30. Rxa6 Nc5 31. Rc6 Ne4 32. Kf1 Rxa2 33.
Rxc7 Rb2 34. c5 Nxc5 35. Rxc5 Rxb3 36. Ke2 1/2-1/2

[Event "Meisterturnier"]
[Site "Tübingen"]
[Date "2007.08.31"]
[Round "7"]
[White "Frick, Christoph"]
[Black "Mäurer, Christoph"]
[Result "0-1"]
[WhiteElo "2240"]
[BlackElo "2255"]
[PlyCount "59"]
[EventDate "2007.??.??"]

1. Nc3 c5 2. e4 Nc6 3. g3 g6 4. Bg2 Bg7 5. d3 d6 6. Nh3 h5 7. Nf4 Bg4 8. f3 Bd7
9. h4 Rb8 10. Ncd5 b5 11. Ne2 e6 12. Ne3 Nge7 13. f4 Nd4 14. O-O O-O 15. Kh2
Bc8 16. Ng1 b4 17. Bd2 d5 18. Nh3 dxe4 19. dxe4 Ba6 20. Rf2 Qc7 21. Rc1 Rfd8
22. g4 c4 23. c3 bxc3 24. bxc3 Ndc6 25. Qf3 Rb2 26. Be1 Rxf2 27. Nxf2 hxg4 28.
Qxg4 Bh6 29. Nh3 Ne5 30. Qf3 0-1

[Event "Meisterturnier"]
[Site "Tübingen"]
[Date "2007.08.31"]
[Round "7"]
[White "Schmittdiel, Eckhard"]
[Black "Hirneise, Tobias"]
[Result "1-0"]
[WhiteElo "2436"]
[BlackElo "2293"]
[PlyCount "87"]
[EventDate "2007.??.??"]

1. c4 Nf6 2. g3 g6 3. Bg2 Bg7 4. Nc3 O-O 5. Rb1 d6 6. d4 e5 7. d5 a5 8. a3 Nbd7
9. e4 Nb6 10. Qe2 a4 11. Nf3 Nbd7 12. O-O Nc5 13. Nd2 Nh5 14. b4 axb3 15. Nxb3
Nxb3 16. Rxb3 b6 17. a4 Bd7 18. Ra3 Qe7 19. Bd2 Rfc8 20. Rfa1 Qf8 21. Bf3 Nf6
22. Nb5 Bh6 23. Bb4 Ne8 24. a5 bxa5 25. Rxa5 Rxa5 26. Rxa5 Rb8 27. Ra7 Bg5 28.
Ba5 Bd8 29. h4 Qh6 30. Bd2 Qf8 31. Bg2 Bc8 32. Kh2 Qe7 33. Bh3 Bb7 34. f4 exf4
35. Bxf4 Nf6 36. e5 Nh5 37. Bg5 f6 38. Be6+ Kg7 39. exd6 cxd6 40. Be3 Kh8 41.
Nd4 Ra8 42. Nf5 Qc7 43. Rxa8 Bxa8 44. Nh6 1-0

[Event "Meisterturnier"]
[Site "Tübingen"]
[Date "2007.08.31"]
[Round "7"]
[White "Remmler, Hans-Peter"]
[Black "Holzhäuer, Mathias"]
[Result "1/2-1/2"]
[WhiteElo "2256"]
[BlackElo "2341"]
[PlyCount "30"]
[EventDate "2007.??.??"]

1. e4 d5 2. exd5 Qxd5 3. Nc3 Qd6 4. Bc4 Nf6 5. d3 Bg4 6. Nge2 e5 7. Bg5 Nbd7 8.
Qd2 a6 9. O-O b5 10. Bb3 b4 11. Na4 Ne4 12. dxe4 Qxd2 13. Bxd2 Bxe2 14. Rfe1
Bb5 15. Be3 Bd6 1/2-1/2

[Event "Meisterturnier"]
[Site "Tübingen"]
[Date "2007.08.31"]
[Round "7"]
[White "Heinl, Thomas"]
[Black "Kabisch, Thilo"]
[Result "0-1"]
[WhiteElo "2213"]
[BlackElo "2241"]
[PlyCount "204"]
[EventDate "2007.??.??"]

1. e4 c5 2. Nf3 Nc6 3. d4 cxd4 4. Nxd4 e5 5. Nb5 d6 6. N1c3 a6 7. Na3 Be7 8.
Bd3 Nf6 9. Bg5 Be6 10. Bxf6 Bxf6 11. Nd5 Bxd5 12. exd5 Qa5+ 13. c3 Qxd5 14. O-O
Rd8 15. Qc2 g6 16. Be4 Qe6 17. Bxc6+ bxc6 18. Qa4 Qc8 19. Nc2 O-O 20. Nb4 c5
21. Nd5 Bg5 22. h4 Qb7 23. Rad1 Bh6 24. Qc4 Kh8 25. Rb1 Rc8 26. Rfd1 Rfd8 27.
b4 cxb4 28. Qxb4 Qa7 29. Qb7 Qxb7 30. Rxb7 Kg7 31. Ra7 Rc4 32. Rxa6 Rxh4 33.
Nb4 Rc4 34. Nd5 Bg5 35. a4 Rb8 36. Ra5 Rb2 37. Ra1 h5 38. Rb5 Rd2 39. a5 h4 40.
a6 h3 41. gxh3 Bh4 42. a7 Bxf2+ 43. Kf1 Bxa7 44. Rxa7 Rh4 45. Ke1 Rd3 46. Ra2
Rhxh3 47. Rf2 f5 48. c4 Rd4 49. Rg2 Rh1+ 50. Ke2 Rxc4 51. Ne3 Re4 52. Kd3 Rh3
53. Re2 Ra4 54. Rb7+ Kf6 55. Kd2 Ra2+ 56. Nc2 e4 57. Rd7 Ke6 58. Rg7 Rg3 59.
Ke1 Ke5 60. Kf2 Rc3 61. Nd4 Rxe2+ 62. Nxe2 Rf3+ 63. Kg2 Kf6 64. Rd7 Rd3 65. Rd8
g5 66. Rf8+ Ke6 67. Ng3 Rd2+ 68. Kf1 Rd3 69. Kg2 Rf3 70. Rg8 g4 71. Re8+ Kf7
72. Ra8 d5 73. Rd8 Ke6 74. Re8+ Kd6 75. Rf8 Ke5 76. Re8+ Kf4 77. Nh5+ Ke3 78.
Nf6 d4 79. Nd5+ Kd2 80. Ra8 e3 81. Ra2+ Kd3 82. Nb4+ Kc3 83. Nd5+ Kb3 84. Re2
Kc4 85. Nb6+ Kc5 86. Nd7+ Kd6 87. Nb6 f4 88. Nc4+ Kd5 89. Nb2 Rg3+ 90. Kf1 f3
91. Rh2 Rh3 92. Kg1 f2+ 93. Rxf2 exf2+ 94. Kxf2 Rh2+ 95. Kg3 Rxb2 96. Kf4 g3
97. Kxg3 Ke4 98. Kg4 Rg2+ 99. Kh3 Kf3 100. Kh4 Kf4 101. Kh3 Rf2 102. Kh4 Rh2#
0-1

[Event "Meisterturnier"]
[Site "Tübingen"]
[Date "2007.08.31"]
[Round "7"]
[White "Tscharotschkin, Michael"]
[Black "Roth, Jürgen Eugen"]
[Result "1/2-1/2"]
[WhiteElo "2236"]
[BlackElo "2309"]
[PlyCount "23"]
[EventDate "2007.??.??"]

1. e4 g6 2. d4 Bg7 3. Nc3 d6 4. Bg5 c6 5. Qd2 b5 6. f4 Qb6 7. Nf3 Bg4 8. O-O-O
Nd7 9. h3 Bxf3 10. gxf3 b4 11. Nb1 Ngf6 12. e5 1/2-1/2

[Event "Meisterturnier"]
[Site "Tübingen"]
[Date "2007.08.31"]
[Round "7"]
[White "Hönsch, Matthias"]
[Black "Mayer, Joachim"]
[Result "1/2-1/2"]
[WhiteElo "2279"]
[BlackElo "2155"]
[PlyCount "44"]
[EventDate "2007.??.??"]

1. Nf3 d5 2. g3 c6 3. b3 Bg4 4. Bg2 Nd7 5. Bb2 Bxf3 6. Bxf3 e5 7. d3 Ngf6 8.
Nd2 Bc5 9. O-O O-O 10. c4 Re8 11. Qc2 Qe7 12. e3 Rad8 13. Bg2 d4 14. e4 Bd6 15.
Bh3 Nh5 16. Nf3 Ba3 17. Bxa3 Qxa3 18. Bxd7 Rxd7 19. c5 Qa5 20. a3 Qd8 21. b4
Qf6 22. Nh4 g6 1/2-1/2

[Event "Meisterturnier"]
[Site "Tübingen"]
[Date "2007.08.31"]
[Round "7"]
[White "Bauer, Eckart"]
[Black "Fischer, Andre Klaus"]
[Result "1-0"]
[WhiteElo "2203"]
[BlackElo "2169"]
[PlyCount "57"]
[EventDate "2007.??.??"]

1. e4 c5 2. g3 Nc6 3. Bg2 g6 4. Nc3 Bg7 5. d3 d6 6. f4 e5 7. Nf3 exf4 8. Bxf4
Nge7 9. Qd2 O-O 10. Bh6 f6 11. Be3 b6 12. O-O Ne5 13. h3 Be6 14. Nxe5 dxe5 15.
a4 Qd7 16. Kh2 Rad8 17. a5 Qc6 18. Qf2 h5 19. axb6 axb6 20. Ra7 Rd7 21. Rfa1
Rfd8 22. R7a6 Rd6 23. b3 Bc8 24. Nd5 Nxd5 25. exd5 Qe8 26. Ra7 Qb5 27. c4 Qxb3
28. R7a3 Qb4 29. Qc2 1-0

[Event "Meisterturnier"]
[Site "Tübingen"]
[Date "2007.08.31"]
[Round "7"]
[White "Hirneise, Jens"]
[Black "Schmidt, Olaf"]
[Result "1-0"]
[WhiteElo "2090"]
[BlackElo "2193"]
[PlyCount "89"]
[EventDate "2007.??.??"]

1. e4 c6 2. d4 d5 3. exd5 cxd5 4. c4 Nf6 5. Nc3 Nc6 6. Bg5 dxc4 7. d5 Ne5 8.
Qd4 h6 9. Qxe5 hxg5 10. Bxc4 Bd7 11. Nge2 Qb8 12. Qxb8+ Rxb8 13. O-O b5 14. Bb3
b4 15. Nd1 Ng4 16. h3 Ne5 17. Nd4 Rh4 18. Re1 Nd3 19. Nc6 Bxc6 20. dxc6 Kd8 21.
Re2 Rd4 22. Ne3 e5 23. Nf5 Rf4 24. Rd1 Rxf5 25. Rxd3+ Kc7 26. Rd7+ Kxc6 27. Rd5
Rb5 28. Rd8 Be7 29. Rc8+ Kb7 30. Rec2 Bd6 31. Rd8 Rf6 32. Rd7+ Kb6 33. Rd2 Bc5
34. Bxf7 Bd4 35. Bh5 Rc5 36. Bf3 Rc1+ 37. Kh2 Rb1 38. b3 a5 39. Rb7+ Ka6 40.
Rxg7 a4 41. bxa4 Ka5 42. Rxg5 Kxa4 43. h4 Rd6 44. h5 e4 45. Bxe4 1-0

[Event "Meisterturnier"]
[Site "Tübingen"]
[Date "2007.08.31"]
[Round "7"]
[White "Rothfuß, Oliver"]
[Black "Giacopelli, Vincenzo"]
[Result "1/2-1/2"]
[WhiteElo "2139"]
[BlackElo "2093"]
[PlyCount "46"]
[EventDate "2007.??.??"]

1. d4 d6 2. e4 g6 3. Nc3 Bg7 4. Be2 a6 5. a4 b6 6. f4 e6 7. Nf3 Ne7 8. O-O Bb7
9. Be3 Nd7 10. Qe1 h6 11. Rd1 Nf6 12. Nd2 O-O 13. Qf2 Nh7 14. Bd3 f5 15. e5 g5
16. exd6 cxd6 17. Nf3 Ng6 18. d5 Bxc3 19. bxc3 Bxd5 20. Bxb6 Qb8 21. fxg5 Bxf3
22. gxf3 Nxg5 23. Kh1 Nxf3 1/2-1/2

[Event "Meisterturnier"]
[Site "Tübingen"]
[Date "2007.08.31"]
[Round "7"]
[White "Engelhart, Achim"]
[Black "Stiepan, Hans-Michael"]
[Result "1/2-1/2"]
[WhiteElo "2192"]
[BlackElo "2124"]
[PlyCount "49"]
[EventDate "2007.??.??"]

1. e4 e6 2. d4 d5 3. Nd2 Nf6 4. e5 Nfd7 5. Bd3 c5 6. c3 Nc6 7. Ne2 cxd4 8. cxd4
f6 9. exf6 Nxf6 10. Nf3 Bd6 11. O-O O-O 12. Bf4 Bxf4 13. Nxf4 Ne4 14. Qc1 Ng5
15. Nxg5 Qxg5 16. Ne2 Qf6 17. Qe3 e5 18. dxe5 Nxe5 19. b3 Bd7 20. Qd4 Bc6 21.
Rad1 Rae8 22. f4 Nxd3 23. Qxd3 Re4 24. f5 d4 25. Qc4+ 1/2-1/2

[Event "Meisterturnier"]
[Site "Tübingen"]
[Date "2007.08.31"]
[Round "7"]
[White "Weber, Klaus"]
[Black "Gabriel, Josef"]
[Result "1/2-1/2"]
[WhiteElo "2179"]
[BlackElo "2204"]
[PlyCount "21"]
[EventDate "2007.??.??"]

1. e4 e5 2. Nf3 d6 3. d4 Nd7 4. c4 Ngf6 5. Nc3 Be7 6. Be2 O-O 7. Bg5 exd4 8.
Qxd4 Nc5 9. Bh4 Ne6 10. Qd1 Ng4 11. Kf1 {Rest unleserlich} 1/2-1/2

[Event "Meisterturnier"]
[Site "Tübingen"]
[Date "2007.09.01"]
[Round "8"]
[White "Mäurer, Christoph"]
[Black "Namyslo, Holger"]
[Result "0-1"]
[WhiteElo "2255"]
[BlackElo "2305"]
[PlyCount "74"]
[EventDate "2007.??.??"]

1. Nf3 d5 2. g3 Nf6 3. Bg2 e6 4. O-O Be7 5. b3 O-O 6. Bb2 a5 7. a4 c5 8. d3 b6
9. Nbd2 Bb7 10. Re1 Nc6 11. e4 Qc7 12. e5 Nd7 13. Qe2 Rae8 14. h3 f6 15. exf6
Bxf6 16. Bxf6 Nxf6 17. Ne5 Nd4 18. Qd1 Nd7 19. Ndf3 Nxf3+ 20. Nxf3 e5 21. Nh2
e4 22. dxe4 dxe4 23. Ng4 c4 24. Bf1 cxb3 25. cxb3 e3 26. Nxe3 Rxf2 27. Kxf2
Rf8+ 28. Kg1 Qxg3+ 29. Bg2 Ne5 30. Rf1 Qxe3+ 31. Kh2 Nf3+ 32. Bxf3 Bxf3 33. Qe1
Qxb3 34. Rf2 Qd5 35. Raa2 Qd6+ 36. Kg1 Qg3+ 37. Kf1 Qxh3+ 0-1

[Event "Meisterturnier"]
[Site "Tübingen"]
[Date "2007.09.01"]
[Round "8"]
[White "Schmittdiel, Eckhard"]
[Black "Reuß, Andreas"]
[Result "1/2-1/2"]
[WhiteElo "2436"]
[BlackElo "2303"]
[PlyCount "57"]
[EventDate "2007.??.??"]

1. c4 e6 2. Nf3 d5 3. b3 Nf6 4. g3 c5 5. Bg2 Nc6 6. O-O d4 7. e3 e5 8. exd4
exd4 9. d3 Be7 10. Bf4 O-O 11. Ne5 Nxe5 12. Bxe5 Bg4 13. f3 Be6 14. Bxf6 Bxf6
15. Nd2 Qc7 16. f4 Rae8 17. Ne4 Be7 18. f5 Bc8 19. Qf3 b6 20. f6 Bxf6 21. Nxf6+
gxf6 22. Qxf6 Qe7 23. Be4 Qxf6 24. Rxf6 Kg7 25. Raf1 Bh3 26. R1f4 Re6 27. Rxe6
Bxe6 28. Kf2 f6 29. h4 1/2-1/2

[Event "Meisterturnier"]
[Site "Tübingen"]
[Date "2007.09.01"]
[Round "8"]
[White "Latzke, Boris Alexander"]
[Black "Kabisch, Thilo"]
[Result "0-1"]
[WhiteElo "2230"]
[BlackElo "2241"]
[PlyCount "124"]
[EventDate "2007.??.??"]

1. d4 Nf6 2. c4 g6 3. Nc3 Bg7 4. e4 d6 5. f3 O-O 6. Be3 b6 7. Bd3 a6 8. Nge2 c5
9. e5 Nfd7 10. exd6 exd6 11. O-O Bb7 12. Qd2 Nc6 13. Bc2 Re8 14. Bf2 Rc8 15.
Rad1 cxd4 16. Nxd4 Nce5 17. b3 Nf6 18. Bb1 d5 19. cxd5 Nxd5 20. Nxd5 Qxd5 21.
Qg5 Rcd8 22. h4 h6 23. Qf4 Qd6 24. Qc1 Rc8 25. Qd2 b5 26. h5 Rcd8 27. hxg6 fxg6
28. Qa5 Qf6 29. Rfe1 Rd7 30. Bc2 Red8 31. Kf1 h5 32. Ne2 Bxf3 33. Rxd7 Rxd7 34.
gxf3 Qxf3 35. Ng1 Qc6 36. Be4 Qf6 37. Qb6 Rd6 38. Qb8+ Kh7 39. Qe8 Re6 40. Qa8
Ng4 41. Nf3 Nxf2 42. Kxf2 Kh6 43. Qc8 Qe7 44. Qc2 Bf6 45. Qd2+ Kg7 46. Qf4 b4
47. Re2 Qc5+ 48. Kg2 g5 49. Qd2 g4 50. Ne1 Qc3 51. Qd5 Re5 52. Qd3 a5 53. Qxc3
bxc3 54. Bd3 Kh6 55. Rxe5 Bxe5 56. Nc2 h4 57. Ne3 h3+ 58. Kh1 Kg5 59. Nxg4 Kxg4
60. a3 Bd6 61. b4 Bxb4 62. axb4 a4 0-1

[Event "Meisterturnier"]
[Site "Tübingen"]
[Date "2007.09.01"]
[Round "8"]
[White "Bräuning, Rudolf"]
[Black "Remmler, Hans-Peter"]
[Result "1/2-1/2"]
[WhiteElo "2340"]
[BlackElo "2256"]
[PlyCount "77"]
[EventDate "2007.??.??"]

1. c4 e5 2. g3 Nf6 3. Bg2 c6 4. Nf3 e4 5. Nd4 d5 6. cxd5 Qxd5 7. e3 Bg4 8. Qc2
Na6 9. O-O Nb4 10. Qa4 Bd6 11. Nc3 Qe5 12. a3 Nbd5 13. f4 exf3 14. Nxf3 Nxc3
15. bxc3 Qe4 16. Qb3 O-O 17. Qxb7 Qa4 18. Nd4 c5 19. Qb5 Qxb5 20. Nxb5 Rad8 21.
Nxd6 Rxd6 22. d4 Re8 23. a4 c4 24. Rf4 g5 25. Rf2 Ne4 26. Rc2 Bf5 27. Rb2 Nxc3
28. Rb4 Bd3 29. Bd2 Ne2+ 30. Kh1 Rh6 31. Be1 Rxe3 32. d5 c3 33. Rb8+ Kg7 34.
Rc8 c2 35. Bf2 Nxg3+ 36. Kg1 Ne2+ 37. Kh1 Ng3+ 38. Kg1 Ne2+ 39. Kh1 1/2-1/2

[Event "Meisterturnier"]
[Site "Tübingen"]
[Date "2007.09.01"]
[Round "8"]
[White "Holzhäuer, Mathias"]
[Black "Frick, Christoph"]
[Result "1/2-1/2"]
[WhiteElo "2341"]
[BlackElo "2240"]
[PlyCount "83"]
[EventDate "2007.??.??"]

1. e4 g6 2. d4 Bg7 3. Nc3 d6 4. f4 a6 5. Nf3 b5 6. Bd3 Nd7 7. e5 c5 8. Ng5 cxd4
9. e6 f5 10. exd7+ Bxd7 11. Ne2 h6 12. Nf3 e5 13. fxe5 dxe5 14. Ng3 Ne7 15. O-O
O-O 16. Nxe5 Bxe5 17. Bxh6 Rf7 18. Qd2 Nd5 19. Rae1 Ne3 20. Bxe3 dxe3 21. Qxe3
Bxb2 22. Ne2 Qf6 23. Qg3 Be5 24. Nf4 Bxf4 25. Rxf4 Kf8 26. h4 Re8 27. Rxe8+
Kxe8 28. Qf2 Qa1+ 29. Kh2 Qe5 30. Qd4 Qxd4 31. Rxd4 Rh7 32. Kg3 Ke7 33. c4 Rh8
34. cxb5 axb5 35. Rb4 Ra8 36. Bxb5 Bxb5 37. Rxb5 Rxa2 38. h5 f4+ 39. Kxf4 Rxg2
40. Rg5 Rxg5 41. Kxg5 gxh5 42. Kxh5 1/2-1/2

[Event "Meisterturnier"]
[Site "Tübingen"]
[Date "2007.09.01"]
[Round "8"]
[White "Roth, Jürgen Eugen"]
[Black "Hirneise, Tobias"]
[Result "1/2-1/2"]
[WhiteElo "2309"]
[BlackElo "2293"]
[PlyCount "109"]
[EventDate "2007.??.??"]

1. d4 Nf6 2. Nf3 g6 3. c4 Bg7 4. Nc3 O-O 5. e4 d6 6. Be3 e5 7. Be2 Ng4 8. Bg5
f6 9. Bh4 g5 10. Bg3 Nh6 11. Qd2 g4 12. Nh4 f5 13. Nxf5 Nxf5 14. exf5 exd4 15.
Nb5 Nc6 16. Bxg4 a6 17. Na3 Qe8+ 18. Kf1 Bxf5 19. Bxf5 Rxf5 20. Nc2 Qf7 21. b3
d3 22. Qxd3 Bxa1 23. Nxa1 Rf8 24. f3 Nb4 25. Qe4 Qg7 26. Kf2 Qb2+ 27. Ke3 d5
28. Qg4+ Kh8 29. Qd4+ Qxd4+ 30. Kxd4 Nxa2 31. Bxc7 dxc4 32. bxc4 Nb4 33. Rb1
Nc6+ 34. Kc3 R5f7 35. Bd6 Re8 36. Rb2 Re6 37. c5 Na7 38. Kc4 Nb5 39. Kd5 Re3
40. Be5+ Kg8 41. Nb3 Re7 42. f4 Kf7 43. Na5 Rd7+ 44. Kc4 Ke6 45. c6 bxc6 46.
Nxc6 Re4+ 47. Kc5 Rd3 48. Ra2 Ra3 49. Rd2 Re1 50. g4 Rc1+ 51. Kb6 Rb3 52. f5+
Kf7 53. Rd7+ Kg8 54. Rd8+ Kf7 55. Rd7+ 1/2-1/2

[Event "Meisterturnier"]
[Site "Tübingen"]
[Date "2007.09.01"]
[Round "8"]
[White "Bauer, Eckart"]
[Black "Tscharotschkin, Michael"]
[Result "0-1"]
[WhiteElo "2203"]
[BlackElo "2236"]
[PlyCount "72"]
[EventDate "2007.??.??"]

1. g3 e6 2. c4 Nf6 3. Nf3 d5 4. Bg2 Be7 5. d4 O-O 6. Nc3 c6 7. O-O Nbd7 8. b3
b6 9. Qc2 Ba6 10. Nd2 Rc8 11. e4 c5 12. exd5 cxd4 13. Ne2 exd5 14. Nxd4 dxc4
15. bxc4 Ne5 16. Nf5 Nxc4 17. Re1 Bb4 18. Qa4 Re8 19. Rxe8+ Qxe8 20. Qxa6 Ng4
21. Bf1 Bc5 22. Ne4 Qd7 23. Ne7+ Bxe7 24. Bxc4 Qd1+ 25. Kg2 Rc7 26. Bf4 Qd4 27.
Rc1 Qxe4+ 28. f3 Ne3+ 29. Kf2 Nd1+ 30. Kg2 Qd4 31. Bxc7 Qd2+ 32. Be2 Qxc1 33.
Qc8+ Bf8 34. Qd8 Ne3+ 35. Kf2 Qc5 36. Qd3 Nd5+ 0-1

[Event "Meisterturnier"]
[Site "Tübingen"]
[Date "2007.09.01"]
[Round "8"]
[White "Hirneise, Jens"]
[Black "Hönsch, Matthias"]
[Result "0-1"]
[WhiteElo "2090"]
[BlackElo "2279"]
[PlyCount "60"]
[EventDate "2007.??.??"]

1. e4 c5 2. Nf3 d6 3. d4 cxd4 4. Nxd4 Nf6 5. Nc3 g6 6. Be3 Bg7 7. f3 O-O 8. Qd2
Nc6 9. Bc4 Bd7 10. O-O-O Qa5 11. Kb1 Rfc8 12. Bb3 Ne5 13. g4 Nc4 14. Bxc4 Rxc4
15. Nb3 Qe5 16. f4 Qxc3 17. bxc3 Nxe4 18. Qd3 Nxc3+ 19. Kc1 Nxa2+ 20. Kb1 Nc3+
21. Kc1 Na2+ 22. Kb1 Nc3+ 23. Kc1 Rac8 24. Rd2 Bxg4 25. Bd4 Bf5 26. Qe3 Nd5 27.
Qf2 e5 28. Bb2 Nb4 29. c3 Bh6 30. Kd1 Bg4+ 0-1

[Event "Meisterturnier"]
[Site "Tübingen"]
[Date "2007.09.01"]
[Round "8"]
[White "Mayer, Joachim"]
[Black "Stiepan, Hans-Michael"]
[Result "0-1"]
[WhiteElo "2155"]
[BlackElo "2124"]
[PlyCount "94"]
[EventDate "2007.??.??"]

1. d4 Nf6 2. e3 b6 3. f4 Bb7 4. Nf3 e6 5. Bd3 c5 6. c3 Be4 7. Bxe4 Nxe4 8. Nbd2
Nxd2 9. Bxd2 d5 10. Ne5 Bd6 11. Qa4+ Nd7 12. Qxd7+ Qxd7 13. Nxd7 Kxd7 14. O-O
f5 15. g3 Rhc8 16. Rfc1 Be7 17. Kg2 g5 18. Kf3 h5 19. Ke2 Bf6 20. dxc5 bxc5 21.
e4 fxe4 22. fxg5 Bg7 23. Rf1 Rf8 24. Rad1 Rf5 25. Rxf5 exf5 26. Be3 Kc6 27. b4
Bxc3 28. Bxc5 a5 29. Rc1 axb4 30. Bxb4 Rxa2+ 31. Kd1 Rd2+ 32. Ke1 Rc2+ 33. Bxc3
Rxc1+ 34. Kd2 Rb1 35. g6 Kd7 36. g7 Rb8 37. Ke3 Ke6 38. Kf4 Kf7 39. Kg5 e3 40.
Kxh5 e2 41. Kh6 d4 42. Bd2 Rb6+ 43. Kg5 Rb2 44. Be1 Rb1 45. Kh6 Kg8 46. Kg6
Rxe1 47. h4 Rh1 0-1

[Event "Meisterturnier"]
[Site "Tübingen"]
[Date "2007.09.01"]
[Round "8"]
[White "Schmidt, Olaf"]
[Black "Rothfuß, Oliver"]
[Result "1-0"]
[WhiteElo "2193"]
[BlackElo "2139"]
[PlyCount "43"]
[EventDate "2007.??.??"]

1. d4 g6 2. e4 Bg7 3. Nc3 c6 4. Bc4 d6 5. a4 Nf6 6. Qe2 e5 7. dxe5 dxe5 8. Nf3
Qc7 9. Be3 Nbd7 10. Bxf7+ Kxf7 11. Qc4+ Kf8 12. Nb5 Qa5+ 13. b4 Qd8 14. Ng5 Qe7
15. Nc7 Rb8 16. Bxa7 h6 17. Nge6+ Kg8 18. a5 Kh7 19. h4 Ne8 20. Ng5+ hxg5 21.
hxg5+ Bh6 22. Rxh6+ 1-0

[Event "Meisterturnier"]
[Site "Tübingen"]
[Date "2007.09.01"]
[Round "8"]
[White "Gabriel, Josef"]
[Black "Engelhart, Achim"]
[Result "0-1"]
[WhiteElo "2204"]
[BlackElo "2192"]
[PlyCount "82"]
[EventDate "2007.??.??"]

1. Nf3 c5 2. c4 Nc6 3. Nc3 e5 4. g3 g6 5. Bg2 Bg7 6. O-O Nge7 7. e3 O-O 8. d4
exd4 9. exd4 Nxd4 10. Nxd4 cxd4 11. Nb5 Nf5 12. Bf4 d6 13. c5 dxc5 14. Qc1 Bd7
15. Nd6 Qb6 16. Nc4 Qa6 17. Ne5 Bb5 18. Re1 Rac8 19. a4 Be8 20. Bf1 Qf6 21. Ra3
Qd8 22. g4 Nd6 23. Bh6 f6 24. Rh3 Rc7 25. Nc4 Nf7 26. Bxg7 Kxg7 27. a5 Bc6 28.
f4 Re7 29. Qd2 Rfe8 30. Rxe7 Qxe7 31. Kf2 Qe4 32. Rg3 Qe7 33. Bd3 Nd6 34. g5
Nxc4 35. Bxc4 Rf8 36. h4 fxg5 37. hxg5 Qe4 38. Rb3 Rxf4+ 39. Kg3 Rg4+ 40. Kh3
Rh4+ 41. Kg3 Qg4+ 0-1

[Event "Meisterturnier"]
[Site "Tübingen"]
[Date "2007.09.01"]
[Round "8"]
[White "Fischer, Andre Klaus"]
[Black "Weber, Klaus"]
[Result "1-0"]
[WhiteElo "2169"]
[BlackElo "2179"]
[PlyCount "99"]
[EventDate "2007.??.??"]

1. e4 d5 2. exd5 Nf6 3. c4 c6 4. d4 cxd5 5. Nc3 e6 6. Nf3 Bb4 7. cxd5 Nxd5 8.
Bd2 O-O 9. Bd3 Nf6 10. O-O Nc6 11. Bg5 h6 12. Be3 Bxc3 13. bxc3 Qa5 14. Qc2 b6
15. a3 Bb7 16. Rfb1 Qh5 17. Rb5 Nd5 18. c4 Nxe3 19. fxe3 Qg4 20. Qf2 g5 21. h3
Qh5 22. Nxg5 hxg5 23. Qf6 e5 24. d5 Qh8 25. Qxg5+ Qg7 26. Qxg7+ Kxg7 27. dxc6
Bxc6 28. Rxe5 Rad8 29. Be4 Rfe8 30. Rg5+ Kh6 31. Bxc6 Kxg5 32. Bxe8 Rxe8 33.
Kf2 Rc8 34. Rc1 Rc5 35. Ke2 Ra5 36. Rc3 f5 37. Kf3 Rc5 38. e4 b5 39. Ke3 Re5
40. c5 Rxe4+ 41. Kd3 Re8 42. c6 Rd8+ 43. Ke3 Kf6 44. c7 Rc8 45. Kf4 a6 46. Rc6+
Ke7 47. Kxf5 Kd7 48. Rc3 Rxc7 49. Rxc7+ Kxc7 50. Ke4 1-0

[Event "Meisterturnier"]
[Site "Tübingen"]
[Date "2007.09.02"]
[Round "9"]
[White "Namyslo, Holger"]
[Black "Bräuning, Rudolf"]
[Result "0-1"]
[WhiteElo "2305"]
[BlackElo "2340"]
[PlyCount "104"]
[EventDate "2007.??.??"]

1. e4 c5 2. Nf3 Nc6 3. d4 cxd4 4. Nxd4 g6 5. Nc3 Bg7 6. Nb3 Nf6 7. Be2 O-O 8.
O-O d6 9. Bg5 Be6 10. f4 b5 11. Bf3 Bc4 12. Re1 h6 13. Bh4 e5 14. Bg3 a5 15. a4
b4 16. Nd5 Nxd5 17. exd5 exf4 18. Bxf4 Ne5 19. Nd4 Nxf3+ 20. Nxf3 Qb6+ 21. Kh1
Qb7 22. Bxd6 Rfd8 23. Re7 Qxd5 24. Qxd5 Bxd5 25. Bc7 Rdc8 26. Rd1 Be6 27. Bb6
Rxc2 28. h3 Bf6 29. Rc7 Rxc7 30. Bxc7 Bxb2 31. Nd4 Bc3 32. Nb5 Bf6 33. Bb6 Bb3
34. Rf1 Bd8 35. Nc7 Rc8 36. Bxa5 Bxa4 37. Nd5 b3 38. Bc3 f5 39. Ra1 Bc6 40. Nf4
Be8 41. Be5 Bf7 42. Ra7 g5 43. Nd3 Bb6 44. Rb7 Be3 45. Bf6 f4 46. h4 g4 47. h5
g3 48. Be5 Rd8 49. Rb8 Rxb8 50. Bxb8 Bc4 51. Nb2 Bd5 52. Nd1 f3 0-1

[Event "Meisterturnier"]
[Site "Tübingen"]
[Date "2007.09.02"]
[Round "9"]
[White "Reuß, Andreas"]
[Black "Mäurer, Christoph"]
[Result "1-0"]
[WhiteElo "2303"]
[BlackElo "2255"]
[PlyCount "83"]
[EventDate "2007.??.??"]

1. d4 Nf6 2. Nf3 d6 3. Bg5 Nbd7 4. c4 g6 5. Nc3 Bg7 6. e4 O-O 7. h3 e5 8. d5 a5
9. Be2 Nc5 10. Nd2 Bd7 11. b3 c6 12. a3 Qb8 13. b4 axb4 14. axb4 Rxa1 15. Qxa1
Na6 16. Qb1 c5 17. bxc5 Nxc5 18. Qb6 Rc8 19. O-O Be8 20. Ra1 Nfd7 21. Qa5 h5
22. Nb5 f6 23. Be3 Bf8 24. Kh2 Be7 25. g4 h4 26. g5 Nf8 27. gxf6 Bxf6 28. Qb6
Be7 29. Bg4 Bd7 30. Be2 Be8 31. Na7 Rd8 32. Bxc5 dxc5 33. Rb1 Nd7 34. Qe6+ Kf8
35. Nc6 bxc6 36. Rxb8 Nxb8 37. Kg2 cxd5 38. exd5 Nd7 39. Ne4 Bf7 40. Qc6 Nb8
41. Qc7 Na6 42. Qb6 1-0

[Event "Meisterturnier"]
[Site "Tübingen"]
[Date "2007.09.02"]
[Round "9"]
[White "Kabisch, Thilo"]
[Black "Schmittdiel, Eckhard"]
[Result "0-1"]
[WhiteElo "2241"]
[BlackElo "2436"]
[PlyCount "116"]
[EventDate "2007.??.??"]

1. e4 e6 2. d4 d5 3. e5 c5 4. c3 Nc6 5. Nf3 Bd7 6. a3 c4 7. g3 Na5 8. Nbd2 Bc6
9. h4 Qd7 10. Bh3 Ba4 11. Qe2 Bc2 12. Qe3 Ne7 13. Kf1 h6 14. Ne1 Bh7 15. Ng2
Nf5 16. Qf3 Be7 17. Nf4 O-O-O 18. Kg2 Bxh4 19. Bxf5 Bxf5 20. gxh4 Nb3 21. Nxb3
Be4 22. Nd2 Bxf3+ 23. Nxf3 Qa4 24. b3 Qxb3 25. Bd2 Qc2 26. Nh5 f6 27. Rac1 Qd3
28. Ng3 g5 29. Rhd1 gxh4 30. Nxh4 Rdg8 31. exf6 Qe4+ 32. Nf3 Rxg3+ 33. fxg3
Qe2+ 34. Kh3 Qxf3 35. Rf1 Qe2 36. Bf4 Kd7 37. Rce1 Qc2 38. Rf3 Rf8 39. Be5 Rf7
40. g4 Qa2 41. a4 Qxa4 42. Rb1 b6 43. Kg3 Qc2 44. Rh1 Qg6 45. Rh5 a5 46. Rh2 a4
47. Rb2 Kc6 48. Ra2 b5 49. Rh2 Rf8 50. Rhf2 h5 51. f7 a3 52. Kh2 hxg4 53. Rf6
Qh7+ 54. Kg1 Kd7 55. Kg2 Qh3+ 56. Kg1 Qxc3 57. Rg6 Qe1+ 58. Kg2 Qe4+ 0-1

[Event "Meisterturnier"]
[Site "Tübingen"]
[Date "2007.09.02"]
[Round "9"]
[White "Remmler, Hans-Peter"]
[Black "Latzke, Boris Alexander"]
[Result "0-1"]
[WhiteElo "2256"]
[BlackElo "2230"]
[PlyCount "70"]
[EventDate "2007.??.??"]

1. e4 e5 2. Nf3 Nc6 3. d4 exd4 4. Nxd4 Bc5 5. Nxc6 Qf6 6. Qf3 dxc6 7. Bd3 Be6
8. Nc3 O-O-O 9. Qxf6 Nxf6 10. Bg5 Bd4 11. O-O Rde8 12. Bd2 Ng4 13. Rae1 Rd8 14.
Bf4 h6 15. h3 g5 16. Bg3 Ne5 17. Rd1 Rhe8 18. Rfe1 Nc4 19. Bxc4 Bxc4 20. e5 b5
21. a3 a5 22. Kh2 c5 23. Re4 b4 24. axb4 axb4 25. Na4 Bb5 26. Ra1 Bc6 27. Re2
Bxa4 28. Rxa4 Bxb2 29. f4 Kb7 30. f5 Bd4 31. e6 fxe6 32. fxe6 Re7 33. Be1 Rde8
34. Bxb4 cxb4 35. Rxb4+ Bb6 0-1

[Event "Meisterturnier"]
[Site "Tübingen"]
[Date "2007.09.02"]
[Round "9"]
[White "Tscharotschkin, Michael"]
[Black "Holzhäuer, Mathias"]
[Result "0-1"]
[WhiteElo "2236"]
[BlackElo "2341"]
[PlyCount "80"]
[EventDate "2007.??.??"]

1. e4 d5 2. exd5 Qxd5 3. Nc3 Qd6 4. d4 Nf6 5. Bc4 a6 6. Nge2 Qc6 7. Qd3 Qxg2 8.
Rg1 Qh3 9. Ng3 Nc6 10. Bf4 Nb4 11. Qd2 Be6 12. Bf1 Qh4 13. O-O-O h6 14. Bxc7
Nfd5 15. Nxd5 Nxd5 16. Ba5 b5 17. a4 Rb8 18. Kb1 g6 19. c4 bxc4 20. Bxc4 Bg7
21. Bxa6 O-O 22. Bb5 Rfc8 23. f3 Nb6 24. Bxb6 Rxb6 25. Ne4 Bf5 26. Qe2 Qf4 27.
Rd2 Qd6 28. Rgd1 Qd5 29. Qd3 Rb7 30. Rc2 Rxc2 31. Qxc2 Be6 32. Nc5 Qa2+ 33. Kc1
Rc7 34. b4 Qa1+ 35. Qb1 Qc3+ 36. Qc2 Qxb4 37. Qb2 Rxc5+ 38. Kb1 Bf5+ 39. Ka1
Rxb5 40. axb5 Qa4+ 0-1